| Tag |
First Indicator |
Second Indicator |
Subfields |
| LEADER |
00000cam a2200000 a 4500 |
| 001 |
in00000009650 |
| 005 |
20151007051631.0 |
| 008 |
860710m19879999ncua b 00110 eng |
| 010 |
|
|
|a 86016188
|
| 020 |
|
|
|a 0807817201 (v. 1)
|
| 035 |
|
|
|a (OCoLC)13947701
|
| 035 |
|
|
|9 AAA4024AM
|
| 040 |
|
|
|a DLC
|c DLC
|d TXA
|d UtOrBLW
|
| 049 |
|
|
|a TXAM
|v 1 [A11030578]
|
| 050 |
0 |
0 |
|a PA3879
|b .R4 1987
|
| 082 |
0 |
|
|a 882/.01
|2 19
|
| 100 |
1 |
|
|a Reckford, Kenneth J.,
|d 1933-
|
| 245 |
1 |
0 |
|a Aristophanes' old-and-new comedy /
|c by Kenneth J. Reckford.
|
| 264 |
|
1 |
|a Chapel Hill :
|b University of North Carolina Press,
|c [1987-]
|
| 264 |
|
4 |
|c ©1987-
|
| 300 |
|
|
|a volumes :
|b illustrations ;
|c 26 cm.
|
| 336 |
|
|
|a text
|b txt
|2 rdacontent
|
| 337 |
|
|
|a unmediated
|b n
|2 rdamedia
|
| 338 |
|
|
|a volume
|b nc
|2 rdacarrier
|
| 504 |
|
|
|a Bibliography: volume 1, pages 545-559.
|
| 500 |
|
|
|a Includes index.
|
| 505 |
1 |
|
|a v. 1. Six essays in perspective.
|
| 600 |
0 |
0 |
|a Aristophanes
|x Criticism and interpretation.
|
| 650 |
|
0 |
|a Comedy.
|
| 999 |
|
|
|a MARS
|
| 999 |
f |
f |
|s 1f38e3ea-a3b4-3e84-b709-345b4da2adf9
|i 250b2c3c-a3fd-30a9-9458-25516d6c1013
|t 0
|
| 952 |
f |
f |
|p normal
|a Texas A&M University
|b College Station
|c Sterling C. Evans Library
|d Evans: Library Stacks
|t 0
|e PA3879 .R4 1987
|h Library of Congress classification
|i unmediated -- volume
|k v.1
|m A14811030578
|
| 998 |
f |
f |
|a PA3879 .R4 1987
|s v.1
|t 0
|l Evans: Library Stacks
|